Not a Bear - Statistics

General Stats
  • This quiz has been taken 24 times
  • The average score is 5 of 12
Answer Stats
Picture Hint Answer % Correct
Phascolarctos cinereus Koala Bear
100%
Ailurus fulgens Red Panda
95%
Tardigrada Water Bear
60%
Arctictis binturong Bearcat
50%
Euspinolia militaris Panda Ant
45%
Pyrrharctia isabella Woolly Bear Caterpillar
45%
Phricotelphusa sirindhorn Panda Crab
40%
Potos flavus Honey Bear (Kinkajou)
30%
Ailurops Bear Cuscus
25%
Quercus ilicifolia Bear Oak
20%
†Amphicyonidae Bear-dog
15%
Cylindropuntia bigelovii Teddy-bear Cholla
15%
No matching quizzes found
Score Distribution
Percent of People with Each Score
Percentile by Number Answered
Your Score History
You have not taken this quiz